Delta Fleet (Variants included) - Statistics

General Stats
  • This quiz has been taken 31 times
    18 since last reset
  • The average score is 15 of 21
Answer Stats
Hint Answer % Correct
Boeing 737-800
100%
Airbus A321NEO
92%
Boeing 757-200
83%
Boeing 757-300
83%
Airbus A320-200
83%
Airbus A321-200
83%
Boeing 717-200
75%
Boeing 767-300ER
75%
Airbus A220-100
75%
Airbus A220-300
75%
Airbus A330-200
75%
Airbus A350-900
75%
Bombardier CRJ-900
75%
Boeing 737-900ER
67%
Boeing 767-400ER
67%
Airbus A319-100
67%
Airbus A330-300
67%
Airbus A330-900NEO
67%
Bombardier CRJ-700
67%
Embraer E175
58%
Bombardier CRJ-550
33%
No matching quizzes found
Score Distribution
Percent of People with Each Score
Percentile by Number Answered
Your Score History
You have not taken this quiz since the last reset